Advances in differential geometry and topology /

Uloženo v:
Podrobná bibliografie
Hlavní autor: Không rõ
Médium: Kniha
Jazyk:Vietnamese
Vydáno: World Scientific 1990
Tagy: Přidat tag
Žádné tagy, Buďte první, kdo otaguje tento záznam!
Thư viện lưu trữ: Mạng thư viện Đại học Đà Nẵng
LEADER 00644nam a2200265 4500
001 000026967
003 AD-I90
005 20150403120000.0
008 150403s vm 000 vie
020 |c 0,0000 
040 |a notts 
100 |a Không rõ 
245 |a Advances in differential geometry and topology /  |c editor, I.S.I., F. Tricerri. 
260 |b World Scientific  |c 1990 
OWN |a LTT 
999 |a From the UDN01 
TYP |a Monograph 
TYP |a Printed language 
980 |a Mạng thư viện Đại học Đà Nẵng